000
00354nam a2200133Ia 4500
008
151001s9999||||xx |||||||||||||| ||und||
100
_a
अशोक पवार
245
_a
तसव्या
250
_a
1
260
_b
मनोविकास प्रकाशन पुणे
260
_c
२०१३
300
_a
218
365
_b
21
999
_c
1002180
_d
1002177